دليل الآباء لتنمية مهارات الأبناء 1840 طريقة للنجاح و إدارة الحياة / (رقم التسجيلة. 24582)

تفاصيل مارك
000 -LEADER
fixed length control field 00700nam a22002057a 4500
005 - DATE AND TIME OF LATEST TRANSACTION
control field 20251108165313.0
008 - FIXED-LENGTH DATA ELEMENTS--GENERAL INFORMATION
fixed length control field 250721s2008 xx 000 0 ara d
082 14 - DEWEY DECIMAL CLASSIFICATION NUMBER
Classification number م/155.4/ربا
100 1# - MAIN ENTRY--PERSONAL NAME
Personal name الرباعي، زكي مهدي محمد
Relator term مؤلف
245 10 - TITLE STATEMENT
Title دليل الآباء لتنمية مهارات الأبناء 1840 طريقة للنجاح و إدارة الحياة /
264 1# - PRODUCTION, PUBLICATION, DISTRIBUTION, MANUFACTURE, AND COPYRIGHT NOTICE
Place of production, publication, distribution, manufacture بيروت :
Name of producer, publisher, distributor, manufacturer ابن جزم،
Date of production, publication, distribution, manufacture, or copyright notice 2008.
300 ## - PHYSICAL DESCRIPTION
Extent 3ج.
490 0# - SERIES STATEMENT
Series statement .تنمية مهارات الأبناء
650 17 - SUBJECT ADDED ENTRY--TOPICAL TERM
Topical term or geographic name as entry element سيكولوجيه النمو
650 17 - SUBJECT ADDED ENTRY--TOPICAL TERM
Topical term or geographic name as entry element الابناا
650 17 - SUBJECT ADDED ENTRY--TOPICAL TERM
Topical term or geographic name as entry element رعايه الطفوله
650 17 - SUBJECT ADDED ENTRY--TOPICAL TERM
Topical term or geographic name as entry element الآباا
942 ## - ADDED ENTRY ELEMENTS (KOHA)
Source of classification or shelving scheme Dewey Decimal Classification
Koha item type مراجع
المقتنيات
حالة السحب حالة الفقدان مصدر التصنيف حالة التلف غير قابل للإعارة المكتبة الرئيسية المكتبة الحالية موقع الرف تاريخ التزويد الرقم المتسلسل Total Checkouts رقم الإستدعاء الباركود تاريخ آخر ظهور تاريخ الفاتورة نوع المادة (كوها)
    Dewey Decimal Classification   Not For Loan مكتبة ومركز فرح مكتبة ومركز فرح مراجع 28/07/2025 1287335   م/155.4/ربا PLD00086867 28/07/2025 28/07/2025 مراجع
    Dewey Decimal Classification   Not For Loan مكتبة ومركز فرح مكتبة ومركز فرح مراجع 12/05/2009 1287336   م/155.4/ربا PLD00089203 28/07/2025 12/05/2009 مراجع
    Dewey Decimal Classification   Not For Loan مكتبة ومركز فرح مكتبة ومركز فرح مراجع 12/05/2009 1287337   م/155.4/ربا PLD00089204 28/07/2025 12/05/2009 مراجع
Implemented & Customized by: BBB with SCIT (Smart Chains for Information Technology)

Powered by Koha